| 000 | 00804nam a2200241 i 4500 | ||
|---|---|---|---|
| 001 | 134600 | ||
| 003 | ES-MaACL | ||
| 005 | 20230906194716.0 | ||
| 007 | t| | ||
| 008 | 070912s1945 sp |||| |dspa d | ||
| 100 | 1 |
_aSchumann, Clara. _9104809 |
|
| 245 | 1 | 0 |
_aPapeles íntimos de Clara y Roberto Schumann _b: música y músicos del siglo XIX / _cselección, traducción y notas de F. Izquierdo. |
| 260 |
_aValencia : _bHorizontes, _c[1945?] |
||
| 300 |
_a299 p. ; _c23 cm. |
||
| 490 | 1 |
_aCimas ; _v1 |
|
| 600 | 1 | 4 |
_aSchumann, Clara- _xCorrespondencia. _9104810 |
| 600 | 1 | 4 |
_aSchumann, Robert- _xCorrespondencia. _9104813 |
| 700 | 1 |
_aSchumann, Robert. _9104812 |
|
| 700 | 1 |
_aIzquierdo, Francisco. _965703 |
|
| 830 | 0 |
_aCimas ; _v1 _9219862 |
|
| 852 |
_aES-MaACL _jB-10416 |
||
| 999 |
_c134600 _d134600 |
||